Joint Parliamentary Memorandum By Hon. Seth E. Terkper And Hon. Alhaji Inusah Fuseini On The Agreement Between The Republic Of Ghana And The African Development Fund (ADF) For A Concessional Loan Of An Amount Of Sixty Million Units Of Account (UA 60,000,000.00) Equivalent To Eighty-Three Million, Four Hundred Thousand United States Dollars (US$ 83,400,000.00) For The Accra Urban Transport Project (AUTP) (Record no. 4660)

MARC details
000 -LEADER
fixed length control field 01141nam a22001817a 4500
003 - CONTROL NUMBER IDENTIFIER
control field OSt
005 - DATE AND TIME OF LATEST TRANSACTION
control field 20241128111608.0
008 - FIXED-LENGTH DATA ELEMENTS--GENERAL INFORMATION
fixed length control field 241107b |||||||| |||| 00| 0 eng d
041 ## - LANGUAGE CODE
Language code of text/sound track or separate title English
082 ## - DEWEY DECIMAL CLASSIFICATION NUMBER
Classification number PM/ADF/16 Acc No 10,135
100 ## - MAIN ENTRY--PERSONAL NAME
Personal name Hon. SETH E. Terkper And Hon. FUSEINI Alhaji Inusah
110 ## - MAIN ENTRY--CORPORATE NAME
Corporate name or jurisdiction name as entry element Minister Of Finance(MOF) And Minister Of Roads And Highways(MRH)
245 ## - TITLE STATEMENT
Title Joint Parliamentary Memorandum By Hon. Seth E. Terkper And Hon. Alhaji Inusah Fuseini On The Agreement Between The Republic Of Ghana And The African Development Fund (ADF) For A Concessional Loan Of An Amount Of Sixty Million Units Of Account (UA 60,000,000.00) Equivalent To Eighty-Three Million, Four Hundred Thousand United States Dollars (US$ 83,400,000.00) For The Accra Urban Transport Project (AUTP)
260 ## - PUBLICATION, DISTRIBUTION, ETC.
Place of publication, distribution, etc. Accra
Name of publisher, distributor, etc. Parliament Of Ghana
Date of publication, distribution, etc. 2016
300 ## - PHYSICAL DESCRIPTION
Extent 7p:tab:pic
650 ## - SUBJECT ADDED ENTRY--TOPICAL TERM
Source of heading or term A Concessional Loan Of An Amount Of Sixty Million Units Of Account (UA 60,000,000.00) Equivalent To Eighty-Three Million, Four Hundred Thousand United States Dollars (US$ 83,400,000.00) For The Accra Urban Transport Project (AUTP)
942 ## - ADDED ENTRY ELEMENTS (KOHA)
Source of classification or shelving scheme Dewey Decimal Classification
Koha item type Memorandum
Suppress in OPAC No
Holdings
Withdrawn status Lost status Source of classification or shelving scheme Damaged status Not for loan Home library Current library Shelving location Date acquired Total checkouts Full call number Date last seen Copy number Price effective from Koha item type
    Dewey Decimal Classification     Main Library Main Library Open Shelves 07/11/2024   PM/ADF/16 Acc No 10,118 C1 07/11/2024 1 07/11/2024 Memorandum
    Dewey Decimal Classification     Main Library Main Library Open Shelves 07/11/2024   PM/ADF/16 Acc No 10,118 C2 07/11/2024 2 07/11/2024 Memorandum
    Dewey Decimal Classification     Main Library Main Library Open Shelves 07/11/2024   PM/ADF/16 Acc No 10,118 C3 07/11/2024 3 07/11/2024 Memorandum
    Dewey Decimal Classification     Main Library Main Library Open Shelves 28/11/2024   PM/ADF/16 Acc No 10,118 C4 28/11/2024 4 28/11/2024 Memorandum
    Dewey Decimal Classification     Main Library Main Library Open Shelves 28/11/2024   PM/ADF/16 Acc No 10,118 C5 28/11/2024 5 28/11/2024 Memorandum
©2026  Parliament of Ghana Library - All rights reserved